Métodos científicos de investigación social

Guardado en:
Detalles Bibliográficos
Autor principal: Young, Pauline V (Autor)
Formato: Libro
Lenguaje:español
Publicado: Ciudad de México UNAM 1960
Edición:2a. ed
Materias:
Etiquetas: Agregar Etiqueta
Sin Etiquetas, Sea el primero en etiquetar este registro!

MARC

LEADER 00000nam a2200000 a 4500
001 UCY7214
003 CL-VaPUC
008 950609e19600000MX |||||||||||||||||spa|d
082 0 4 |a 300.72  |b YOU  |2 21 
100 0 |a Young, Pauline V  |e author  |9 337537 
245 1 0 |a Métodos científicos de investigación social 
250 |a 2a. ed 
300 |a 666 p 
942 |c BK 
945 |d 19950609 00:00:00  |a mfernand 
260 |a Ciudad de México  |b UNAM  |c 1960 
650 0 |a Métodos de investigación   |9 262618 
650 0 |a Ciencias sociales  |v Investigación  |9 307767 
650 0 |a Investigación científica  |9 259857 
650 0 |a Encuestas   |9 259666 
650 7 |a INVESTIGACION DE CAMPO  |2 CL-VaPUC  |9 335943 
650 0 |a Análisis de datos  |9 269871 
650 0 |a Metodología   |9 256610 
650 0 |a Estadística   |9 259535 
650 0 |a Fuentes de información   |9 337538 
650 7 |a OBSERVACION  |2 CL-VaPUC  |9 336333 
650 7 |a CUESTIONARIOS  |2 CL-VaPUC  |9 335942 
650 0 |a Entrevistas  |9 265537 
650 7 |a GRUPOS  |2 CL-VaPUC  |9 336429 
650 7 |a INSTITUCIONES  |2 CL-VaPUC  |9 329701 
650 0 |a Comunidades  |9 337024 
650 0 |a Sociología urbana  |9 268099 
583 |a last modification  |c 19950609 00:00:00  |k Rodrigo Vera 
999 |c 234642  |d 234640 
952 |0 0  |1 0  |4 0  |6 300_720000000000000_YOU_1960  |7 0  |8 P  |9 241208  |a BIBEDU  |b BIBEDU  |c BIBEDU_PB  |d 2019-11-18  |i 1516388  |o 300.72 YOU 1960  |p 1516388  |r 2024-01-25  |w 2019-11-18  |y BK  |k EDU 
952 |0 0  |1 0  |4 0  |6 300_720000000000000_YOU_1960  |7 0  |8 P  |9 241209  |a BIBGIM  |b BIBGIM  |d 2019-11-18  |i 3379655  |o 300.72 YOU 1960  |p 3379655  |r 2025-01-15  |w 2019-11-18  |y BK  |k SSL 
952 |0 0  |1 0  |4 0  |6 300_720000000000000_YOU_1960  |7 0  |8 P  |9 241210  |a BIBGIM  |b BIBGIM  |d 2019-11-18  |i 3379663  |o 300.72 YOU 1960  |p 3379663  |r 2025-01-15  |w 2019-11-18  |y BK  |k SSL